| 000 | 00489 a2200169 4500 | ||
|---|---|---|---|
| 000 | BKB | ||
| 001 | 071042 | ||
| 005 | 20200902150921.0 | ||
| 008 | |||
| 082 |
_a515 _bA13A |
||
| 100 | 1 | _aAmann, Herbert | |
| 245 | 1 |
_aAnalysis I _cby Herbert Amann and Joachim Escher |
|
| 260 |
_aBoston _bBirkhauser _c2005 |
||
| 300 | _a426p. | ||
| 690 | _aGlobal analysis (Mathematics); Mathematics; Mathematical analysis | ||
| 700 |
_aEscher, Joachim _b _c |
||
| 999 |
_c4399 _d4399 |
||